000 00416nam a22001337a 4500
040 _cNUST
082 _a200 THE
100 _aFarrukh Mustahsan Khan
_984097
110 _aSupervisor Dr.Hasan Aftab Saeed
_984098
245 _aTH-SOF-1915-Novel Re-Entrant Honeycomb Structure to Enhance the Auxetic Behavior
260 _aISLAMABAD:
_bNUST COLLEGE OF EME,
_c2021.
650 _aMS-MECH-17
_984099
942 _2ddc
_cTHE
999 _c586741
_d586741